[Event "Spring open (woman)"]
[Site "Budapest"]
[Date "2015.04.11"]
[Round "5"]
[White "Havanecz, Bianka"]
[Black "Gara, Ticia"]
[Result "1/2-1/2"]
[WhiteElo "2244"]
[BlackElo "2282"]
[PlyCount "78"]
[EventDate "2015.04.07"]
[EventType "swiss"]
[EventRounds "9"]
[EventCountry "HUN"]
[Source "Hun. Chess Fed."]
[SourceDate "2015.04.15"]

1. Nf3 c5 2. c4 Nc6 3. Nc3 g6 4. g3 Bg7 5. Bg2 e6 6. d3 Nge7 7. O-O O-O 8. a3
b6 9. Qc2 Bb7 10. Rb1 d5 11. b4 cxb4 12. axb4 Rc8 13. c5 Nd4 14. Nxd4 Bxd4 15.
e3 Bxc3 16. Qxc3 d4 17. Qxd4 Qxd4 18. exd4 Bxg2 19. Kxg2 Nf5 20. Ra1 Nxd4 21.
Rxa7 bxc5 22. bxc5 Rfd8 23. Bg5 Rd5 24. Bf6 Nc6 25. Rb7 Rf5 26. Bb2 Rxc5 27.
Re1 e5 28. Rd7 Rb5 29. Ba1 Ra5 30. Rc1 Kf8 31. Bb2 Rb5 32. Ba3+ Ke8 33. Rd6 Ne7
34. Rxc8+ Nxc8 35. Rc6 Kd7 36. Rf6 Ke8 37. Rc6 Kd7 38. Rf6 Ke8 39. Rc6 Kd7
1/2-1/2

[Event "Spring open (woman)"]
[Site "Budapest"]
[Date "2015.04.11"]
[Round "5"]
[White "Sedina, Elena"]
[Black "Vajda, Szidonia"]
[Result "1/2-1/2"]
[WhiteElo "2305"]
[BlackElo "2323"]
[PlyCount "63"]
[EventDate "2015.04.07"]
[EventType "swiss"]
[EventRounds "9"]
[EventCountry "HUN"]
[Source "Hun. Chess Fed."]
[SourceDate "2015.04.15"]

1. e4 e5 2. Nf3 Nc6 3. Bc4 Bc5 4. O-O Nf6 5. d3 O-O 6. Nbd2 d6 7. c3 Bb6 8. Bb3
Ne7 9. Re1 c6 10. Nf1 Ng6 11. h3 Re8 12. Ng3 Be6 13. d4 Bxb3 14. Qxb3 d5 15.
Bg5 h6 16. Bxf6 Qxf6 17. exd5 exd4 18. cxd4 cxd5 19. Qxd5 Nh4 20. Nxh4 Qxh4 21.
Nf5 Qf6 22. Qb5 Re6 23. Rad1 Rd8 24. Qd3 Rd5 25. Rxe6 fxe6 26. Ne3 Rxd4 27. Qc2
Rxd1+ 28. Nxd1 Qe5 29. Qc8+ Kh7 30. Qc2+ Kg8 31. Qc8+ Kh7 32. Qc2+ 1/2-1/2

[Event "Spring open (woman)"]
[Site "Budapest"]
[Date "2015.04.11"]
[Round "5"]
[White "Rajlich, Iweta"]
[Black "Gara, Anita"]
[Result "1-0"]
[WhiteElo "2406"]
[BlackElo "2331"]
[PlyCount "71"]
[EventDate "2015.04.07"]
[EventType "swiss"]
[EventRounds "9"]
[EventCountry "HUN"]
[Source "Hun. Chess Fed."]
[SourceDate "2015.04.15"]

1. d4 Nf6 2. c4 d6 3. g3 g6 4. Bg2 Bg7 5. Nc3 O-O 6. Nf3 Nbd7 7. O-O e5 8. e4
c6 9. Qc2 exd4 10. Nxd4 Re8 11. Rd1 Qc7 12. h3 Nc5 13. Bf4 Nh5 14. Be3 Bd7 15.
g4 Nf6 16. Bf4 a5 17. Nb3 Nxb3 18. axb3 Re6 19. c5 Bf8 20. Rd3 b6 21. cxd6 Qd8
22. e5 Ne8 23. g5 Ng7 24. Ne4 Nh5 25. Bh2 Qe8 26. Re3 Kh8 27. Rae1 Rc8 28. Bf3
Rxe5 29. Bxh5 gxh5 30. Nf6 Rxg5+ 31. Bg3 Bf5 32. Rxe8 Rxe8 33. Rxe8 Bxc2 34.
Rxf8+ Kg7 35. Rg8+ Kxf6 36. Rxg5 1-0

[Event "Spring open (woman)"]
[Site "Budapest"]
[Date "2015.04.11"]
[Round "5"]
[White "Nomin-Erdene, Davaademberel"]
[Black "Dudas, Eszter"]
[Result "1/2-1/2"]
[WhiteElo "2371"]
[BlackElo "2187"]
[PlyCount "158"]
[EventDate "2015.04.07"]
[EventType "swiss"]
[EventRounds "9"]
[EventCountry "HUN"]
[Source "Hun. Chess Fed."]
[SourceDate "2015.04.15"]

1. e4 e6 2. d4 d5 3. Nc3 Bb4 4. e5 c5 5. Bd2 Ne7 6. a3 Bxc3 7. Bxc3 b6 8. Qg4
Ng6 9. h4 h5 10. Qg3 Ba6 11. Bxa6 Nxa6 12. Nf3 Nb8 13. Ng5 Qd7 14. Qe3 Nc6 15.
O-O-O cxd4 16. Bxd4 Nxd4 17. Rxd4 Qc7 18. Re1 O-O-O 19. Rd3 Kb8 20. Nf3 Rc8 21.
Rc3 Qe7 22. g3 Rxc3 23. Qxc3 Rc8 24. Qd3 Qc5 25. Re2 Qc4 26. Qxc4 Rxc4 27. Ng5
Rc7 28. Kd2 Kc8 29. f3 Kd8 30. b3 Ke7 31. Re1 Rc6 32. Nh3 Rc5 33. Nf2 Rc8 34.
Nd3 f6 35. f4 Kd7 36. c3 Ne7 37. Rg1 Nf5 38. Rg2 Ke7 39. Rg1 Kf7 40. a4 Ke7 41.
Rg2 Kf7 42. Rg1 Rg8 43. Rg2 g5 44. fxg5 fxg5 45. Rf2 Ke7 46. hxg5 Rxg5 47. Nb4
Nxg3 48. Kc2 Ne4 49. Rf4 Rf5 50. Rxf5 exf5 51. Nxd5+ Ke6 52. Nf4+ Kxe5 53. Nxh5
f4 54. Kd3 f3 55. Ke3 f2 56. Ke2 Nxc3+ 57. Kxf2 Kd4 58. Ke1 Kd3 59. Nf4+ Kc2
60. b4 Nxa4 61. Nd5 Kb3 62. Ne7 Nc3 63. Nc6 Nb5 64. Kd2 Kc4 65. Kc1 a6 66. Kb2
Nd4 67. Nb8 Kb5 68. Nd7 Nc6 69. Kb3 Nd4+ 70. Kc3 Nc6 71. Kb3 Ne7 72. Ne5 Nd5
73. Nd7 Kc6 74. Nb8+ Kb7 75. Nd7 Kc6 76. Nb8+ Kb5 77. Nd7 a5 78. Nxb6 Nxb6 79.
bxa5 Kxa5 1/2-1/2

[Event "Spring open (woman)"]
[Site "Budapest"]
[Date "2015.04.11"]
[Round "5"]
[White "Nikolova, Adriana"]
[Black "Dave, Dhyani"]
[Result "1-0"]
[WhiteElo "2329"]
[BlackElo "2157"]
[PlyCount "83"]
[EventDate "2015.04.07"]
[EventType "swiss"]
[EventRounds "9"]
[EventCountry "HUN"]
[Source "Hun. Chess Fed."]
[SourceDate "2015.04.15"]

1. e4 c5 2. c3 d5 3. exd5 Qxd5 4. d4 g6 5. Nf3 Bg7 6. Be3 cxd4 7. cxd4 Nf6 8.
Nc3 Qa5 9. Bc4 O-O 10. O-O Bg4 11. h3 Bxf3 12. Qxf3 Nc6 13. Rfd1 Qb4 14. Qe2
Na5 15. Bd3 Rfd8 16. Nb5 Nc6 17. a3 Qa4 18. b3 Qxb3 19. Bc2 Qe6 20. Nc7 Qd7 21.
Nxa8 Rxa8 22. Ba4 Nd5 23. Rac1 Qd6 24. Bxc6 bxc6 25. Qa6 Nxe3 26. fxe3 Qg3 27.
Qe2 Bh6 28. Rd3 Qd6 29. Qf3 Rc8 30. Rdc3 a5 31. a4 Qb4 32. Qe4 e6 33. Qc2 Rb8
34. Kh1 Kg7 35. Qe4 Qb2 36. Rxc6 Bg5 37. R6c2 Qb3 38. Rc3 Qb2 39. Qe5+ Bf6 40.
Qf4 Rb4 41. R3c2 Qa3 42. Rf1 1-0

[Event "Spring open (woman)"]
[Site "Budapest"]
[Date "2015.04.11"]
[Round "5"]
[White "Erdos, Boglarka"]
[Black "Terbe, Julianna"]
[Result "1-0"]
[WhiteElo "2176"]
[BlackElo "2236"]
[PlyCount "129"]
[EventDate "2015.04.07"]
[EventType "swiss"]
[EventRounds "9"]
[EventCountry "HUN"]
[Source "Hun. Chess Fed."]
[SourceDate "2015.04.15"]

1. d4 d5 2. Nf3 Nf6 3. c4 c6 4. e3 Bg4 5. Qb3 Qb6 6. Nc3 e6 7. Nh4 Be7 8. h3
Bh5 9. g4 Bg6 10. Nxg6 hxg6 11. Bg2 dxc4 12. Qxc4 Nbd7 13. e4 e5 14. Be3 exd4
15. Bxd4 Bc5 16. O-O-O Bxd4 17. Qxd4 Qxd4 18. Rxd4 g5 19. e5 Nh7 20. Ne4 Nxe5
21. Nd6+ Kf8 22. Nxb7 f6 23. Kb1 Rb8 24. Nd8 c5 25. Ne6+ Ke7 26. Nxc5 Rb5 27.
Nd3 Rhb8 28. b3 Nxd3 29. Rxd3 Nf8 30. Rhd1 a5 31. Re3+ Kf7 32. Bd5+ Kg6 33. Re7
Kh6 34. Bf7 a4 35. Kb2 axb3 36. Bxb3 Ng6 37. Rc7 Ne5 38. Rd4 R5b6 39. Kc2 Kg6
40. Kd1 Re8 41. Rc3 Ra6 42. a4 Rb8 43. Kc2 Nc6 44. Rd7 Ne5 45. Rd5 Nc6 46. Kd2
Ne5 47. Bc2+ Kh6 48. Rc7 Re8 49. Kc3 Rea8 50. Rb5 Rc6+ 51. Rxc6 Nxc6 52. Be4
Rxa4 53. Bxc6 Ra3+ 54. Kd2 Kh7 55. Be4+ g6 56. Rb7+ Kg8 57. Bxg6 Rxh3 58. Ke2
Ra3 59. Bd3 Ra4 60. f3 Ra5 61. Ke3 Re5+ 62. Be4 Ra5 63. Kd4 Kf8 64. Bd5 Ke8 65.
Rc7 1-0

[Event "Spring open (woman)"]
[Site "Budapest"]
[Date "2015.04.11"]
[Round "5"]
[White "Varga, Klara"]
[Black "Terbe, Zsuzsanna"]
[Result "1-0"]
[WhiteElo "2192"]
[BlackElo "2129"]
[PlyCount "93"]
[EventDate "2015.04.07"]
[EventType "swiss"]
[EventRounds "9"]
[EventCountry "HUN"]
[Source "Hun. Chess Fed."]
[SourceDate "2015.04.15"]

1. c4 e5 2. g3 c6 3. Bg2 d5 4. cxd5 cxd5 5. Qb3 Nf6 6. d3 Nc6 7. Bg5 Nd4 8. Qd1
Be6 9. Nc3 Be7 10. e3 Nc6 11. d4 e4 12. Bxf6 Bxf6 13. Nge2 O-O 14. O-O Bg5 15.
h4 Bh6 16. Nc1 Qd7 17. Nb3 b6 18. a3 Rfc8 19. Qe2 g6 20. Rfc1 Bf8 21. Rc2 Nd8
22. Rac1 Nb7 23. Qb5 Qd8 24. Nd2 Nd6 25. Qb3 Nb7 26. f3 exf3 27. Bxf3 Bf5 28.
Bxd5 Bxc2 29. Rxc2 Rc7 30. Nde4 Rac8 31. Rf2 Nd6 32. Nxd6 Bxd6 33. Ne4 Kg7 34.
Bxf7 Qe7 35. Qd5 Bxg3 36. Nxg3 Qxe3 37. Ne4 Re7 38. Be6 Rcc7 39. Qe5+ Kh6 40.
d5 Rc1+ 41. Kg2 Rc4 42. Qg5+ Qxg5+ 43. hxg5+ Kg7 44. Kf3 Rd4 45. Kf4 Rd1 46.
Ke5 Re1 47. Rf4 1-0

[Event "Spring open (woman)"]
[Site "Budapest"]
[Date "2015.04.11"]
[Round "5"]
[White "Juhasz, Barbara"]
[Black "Erseki, Tamara"]
[Result "1-0"]
[WhiteElo "2139"]
[BlackElo "1861"]
[PlyCount "99"]
[EventDate "2015.04.07"]
[EventType "swiss"]
[EventRounds "9"]
[EventCountry "HUN"]
[Source "Hun. Chess Fed."]
[SourceDate "2015.04.15"]

1. e4 c5 2. Nf3 d6 3. d4 cxd4 4. Qxd4 Nc6 5. Bb5 Bd7 6. Qd3 g6 7. c4 Bg7 8. Nc3
Nf6 9. h3 O-O 10. O-O a6 11. Bxc6 Bxc6 12. Be3 Nd7 13. Bd4 Ne5 14. Bxe5 dxe5
15. Qe3 e6 16. Rfd1 Qe7 17. a3 Rfd8 18. b4 Rac8 19. c5 Qf6 20. Rxd8+ Rxd8 21.
Rd1 Rxd1+ 22. Nxd1 Qf4 23. Nd2 f5 24. Nc3 Qxe3 25. fxe3 Kf7 26. Nc4 Ke7 27. a4
Kd7 28. b5 axb5 29. axb5 Bxe4 30. Nxe4 fxe4 31. Nd2 Bf8 32. Nxe4 Be7 33. Kf2
Kc7 34. Ke2 Kd7 35. Kd3 Kc7 36. Kc4 h6 37. g3 Kd7 38. h4 Kc7 39. Nd2 g5 40. h5
Bf6 41. Ne4 Be7 42. Nf2 Bf8 43. Nd3 Bg7 44. b6+ Kd7 45. e4 Bf6 46. g4 Bg7 47.
Kb5 Bf6 48. c6+ bxc6+ 49. Ka6 Bd8 50. Nxe5+ 1-0

[Event "Spring open (woman)"]
[Site "Budapest"]
[Date "2015.04.11"]
[Round "5"]
[White "Palocz, Katalin"]
[Black "Jurak, Miklosne"]
[Result "1/2-1/2"]
[WhiteElo "1366"]
[BlackElo "1666"]
[PlyCount "91"]
[EventDate "2015.04.07"]
[EventType "swiss"]
[EventRounds "9"]
[EventCountry "HUN"]
[Source "Hun. Chess Fed."]
[SourceDate "2015.04.15"]

1. e4 c6 2. d4 d5 3. exd5 cxd5 4. Bd3 Nf6 5. h3 Nc6 6. c3 e5 7. dxe5 Nxe5 8.
Nf3 Nxd3+ 9. Qxd3 Be7 10. O-O O-O 11. Bf4 Nh5 12. Be3 b6 13. Re1 Be6 14. Nbd2
h6 15. Rac1 Bc5 16. Nd4 Qf6 17. N2f3 Nf4 18. Bxf4 Qxf4 19. Qe3 Qf6 20. Qe5 Bxd4
21. Nxd4 Qxe5 22. Rxe5 Rfe8 23. Rce1 Rad8 24. Nxe6 fxe6 25. Rxe6 Rxe6 26. Rxe6
Kf7 27. Re1 Rd6 28. Kf1 a5 29. Ke2 Re6+ 30. Kd2 b5 31. Re3 g5 32. Kd3 Rf6 33.
Re2 Rf4 34. g3 Rf6 35. Kd4 Re6 36. Rd2 Ke7 37. Kc5 b4 38. cxb4 axb4 39. Kxb4
Kd6 40. a4 Re4+ 41. Kb3 Kc5 42. Rc2+ Kb6 43. Rd2 Kc5 44. Rc2+ Kb6 45. Rd2 Kc5
46. Rc2+ 1/2-1/2

[Event "Spring open (woman)"]
[Site "Budapest"]
[Date "2015.04.11"]
[Round "5"]
[White "Majoros, Rozsa"]
[Black "Papp, Andrea"]
[Result "0-1"]
[WhiteElo "1699"]
[BlackElo "1556"]
[PlyCount "86"]
[EventDate "2015.04.07"]
[EventType "swiss"]
[EventRounds "9"]
[EventCountry "HUN"]
[Source "Hun. Chess Fed."]
[SourceDate "2015.04.15"]

1. d4 d6 2. Nf3 Nf6 3. c4 c6 4. Nc3 Qc7 5. e4 e5 6. d5 cxd5 7. cxd5 Be7 8. Bg5
O-O 9. Bd3 h6 10. Bh4 Bg4 11. Rc1 Rc8 12. O-O g5 13. Bg3 Nbd7 14. Be2 Qd8 15.
Nd2 Bxe2 16. Qxe2 Nf8 17. Nc4 Ng6 18. Ne3 Bf8 19. Nb5 Nxe4 20. Rxc8 Qxc8 21.
Nf5 Qxf5 22. Rc1 a6 23. Na3 Nf6 24. h3 Nxd5 25. Qd2 Qe6 26. Nc4 Rc8 27. Na5
Rxc1+ 28. Qxc1 b6 29. Nb3 Ngf4 30. Bxf4 Nxf4 31. Qe3 d5 32. Kh2 d4 33. Qd2 Qd5
34. f3 Bd6 35. Kh1 Nxh3 36. gxh3 Qxf3+ 37. Kg1 Qxh3 38. Qc2 Qe3+ 39. Kh1 e4 40.
Qc8+ Kg7 41. Qd7 Qf4 42. Kg2 e3 43. Qc6 Qg3+ 0-1

[Event "Spring open (woman)"]
[Site "Budapest"]
[Date "2015.04.12"]
[Round "6"]
[White "Gara, Ticia"]
[Black "Rajlich, Iweta"]
[Result "1/2-1/2"]
[WhiteElo "2282"]
[BlackElo "2406"]
[PlyCount "92"]
[EventDate "2015.04.07"]
[EventType "swiss"]
[EventRounds "9"]
[EventCountry "HUN"]
[Source "Hun. Chess Fed."]
[SourceDate "2015.04.15"]

1. e4 d5 2. exd5 Qxd5 3. Nc3 Qd6 4. d4 Nf6 5. Nf3 a6 6. g3 Bg4 7. Bg2 Nc6 8.
O-O e6 9. Bf4 Qd7 10. h3 Bxf3 11. Qxf3 O-O-O 12. Rfd1 Nd5 13. Nxd5 exd5 14. c4
Ne7 15. g4 h5 16. Rac1 hxg4 17. hxg4 Ng6 18. Bg3 Nh4 19. Qxd5 Qxd5 20. Bxd5 Bd6
21. Rc3 f6 22. Bf7 g5 23. Bxd6 cxd6 24. Re3 Rh7 25. Bd5 Kb8 26. Rde1 Rdd7 27.
Be6 Rc7 28. b3 Rhe7 29. Bd5 Ng6 30. Rxe7 Rxe7 31. Rxe7 Nxe7 32. Be4 Kc7 33. Kg2
b5 34. Kf3 Kb6 35. cxb5 axb5 36. a4 d5 37. Bd3 Nc6 38. Ke3 b4 39. Bc2 Kc7 40.
Bd1 Na5 41. Kd3 Kd6 42. Bc2 Ke6 43. Bd1 Kd6 44. Bc2 Ke6 45. Bd1 Kd6 46. Bc2 Ke6
1/2-1/2

[Event "Spring open (woman)"]
[Site "Budapest"]
[Date "2015.04.12"]
[Round "6"]
[White "Havanecz, Bianka"]
[Black "Sedina, Elena"]
[Result "1/2-1/2"]
[WhiteElo "2244"]
[BlackElo "2305"]
[PlyCount "88"]
[EventDate "2015.04.07"]
[EventType "swiss"]
[EventRounds "9"]
[EventCountry "HUN"]
[Source "Hun. Chess Fed."]
[SourceDate "2015.04.15"]

1. d4 Nf6 2. c4 c6 3. Nf3 d5 4. e3 a6 5. Qc2 g6 6. Bd3 Bg7 7. b3 O-O 8. O-O Bg4
9. Nbd2 dxc4 10. bxc4 c5 11. Bb2 Nc6 12. a3 cxd4 13. exd4 Rc8 14. h3 Bd7 15.
Rfe1 b5 16. Qd1 Na5 17. Qe2 e6 18. Ne5 bxc4 19. Ndxc4 Bb5 20. a4 Bxc4 21. Bxc4
Nxc4 22. Nxc4 Qc7 23. Rec1 Rfd8 24. a5 Qa7 25. Ne5 Qb7 26. Rab1 Rxc1+ 27. Rxc1
Rc8 28. Rxc8+ Qxc8 29. Qf3 h5 30. Qc6 Qxc6 31. Nxc6 Nd5 32. Ba3 Bh6 33. Bc5 Bd2
34. g3 f6 35. Kf1 Nc3 36. Nb8 Nd5 37. Bb6 Nb4 38. Ke2 Bc3 39. Nd7 Nc6 40. Nxf6+
Kf7 41. Ne4 Bxa5 42. Bxa5 Nxa5 43. Nc5 Nc6 44. Nxa6 Nxd4+ 1/2-1/2

[Event "Spring open (woman)"]
[Site "Budapest"]
[Date "2015.04.12"]
[Round "6"]
[White "Vajda, Szidonia"]
[Black "Erdos, Boglarka"]
[Result "1-0"]
[WhiteElo "2323"]
[BlackElo "2176"]
[PlyCount "71"]
[EventDate "2015.04.07"]
[EventType "swiss"]
[EventRounds "9"]
[EventCountry "HUN"]
[Source "Hun. Chess Fed."]
[SourceDate "2015.04.15"]

1. e4 e5 2. Nf3 Nc6 3. Bc4 Bc5 4. d3 Nf6 5. O-O O-O 6. Nbd2 a6 7. c3 Ba7 8. Re1
Re8 9. Bb3 d5 10. exd5 Nxd5 11. Ne4 Bg4 12. h3 Bh5 13. Ng3 Bg6 14. d4 e4 15.
Nh4 e3 16. Nxg6 exf2+ 17. Kxf2 Rxe1 18. Kxe1 hxg6 19. Qf3 Nf6 20. Bg5 Qd6 21.
Kf1 Re8 22. Re1 Rxe1+ 23. Kxe1 Na5 24. Ne4 Qe7 25. Bc2 c5 26. dxc5 Nc4 27. b4
Bb8 28. Bxf6 gxf6 29. Qxf6 Qxf6 30. Nxf6+ Kg7 31. Nd7 Bf4 32. Be4 a5 33. Ke2
axb4 34. cxb4 Ne5 35. Nxe5 Bxe5 36. Bxb7 1-0

[Event "Spring open (woman)"]
[Site "Budapest"]
[Date "2015.04.12"]
[Round "6"]
[White "Juhasz, Barbara"]
[Black "Nikolova, Adriana"]
[Result "1/2-1/2"]
[WhiteElo "2139"]
[BlackElo "2329"]
[PlyCount "150"]
[EventDate "2015.04.07"]
[EventType "swiss"]
[EventRounds "9"]
[EventCountry "HUN"]
[Source "Hun. Chess Fed."]
[SourceDate "2015.04.15"]

1. d4 d5 2. Nc3 Bf5 3. f3 e6 4. Bf4 a6 5. e3 Nf6 6. g4 Bg6 7. h4 h5 8. g5 Nfd7
9. Bd3 Bxd3 10. cxd3 c5 11. dxc5 Bxc5 12. d4 Be7 13. Nge2 Nc6 14. Kf2 b5 15.
Bg3 Nb6 16. Nf4 g6 17. Nd3 O-O 18. Rc1 Rc8 19. Ne2 Bd6 20. Nc5 Bxg3+ 21. Nxg3
e5 22. Ne2 exd4 23. Nxd4 Ne5 24. Qe2 Nbc4 25. Nd3 Nxd3+ 26. Qxd3 Re8 27. b3
Rxe3 28. Qb1 Qa5 29. Rhd1 Qc7 30. bxc4 Qh2+ 31. Kxe3 Re8+ 32. Kd3 dxc4+ 33.
Rxc4 bxc4+ 34. Kxc4 Rc8+ 35. Kd3 Qxh4 36. Qb7 Rd8 37. Qe4 Qxg5 38. f4 Qb5+ 39.
Ke3 Qa4 40. Qd3 Qxa2 41. Rd2 Qa1 42. Rd1 Qa5 43. Kf2 Qa2+ 44. Rd2 Qd5 45. Qe3
Qa8 46. Re2 Qa7 47. Nc6 Qxe3+ 48. Rxe3 Rd6 49. Ne5 Kg7 50. Rc3 Rf6 51. Ke3 Rf5
52. Ke4 Rf6 53. Rc7 Rf5 54. Ra7 Rf6 55. Rc7 h4 56. Rc3 Rb6 57. Kf3 Rb7 58. Kg4
f6 59. Nf3 a5 60. Nxh4 a4 61. Ra3 Rb4 62. Rc3 Rb5 63. Rc7+ Kh6 64. Rc3 f5+ 65.
Kg3 Rb3 66. Rxb3 axb3 67. Nf3 b2 68. Nd2 Kh5 69. Nb1 Kh6 70. Kf3 Kg7 71. Kg3
Kf7 72. Kh4 Kf6 73. Nd2 g5+ 74. fxg5+ Kg6 75. Nb1 f4 1/2-1/2

[Event "Spring open (woman)"]
[Site "Budapest"]
[Date "2015.04.12"]
[Round "6"]
[White "Dudas, Eszter"]
[Black "Varga, Klara"]
[Result "1-0"]
[WhiteElo "2187"]
[BlackElo "2192"]
[PlyCount "61"]
[EventDate "2015.04.07"]
[EventType "swiss"]
[EventRounds "9"]
[EventCountry "HUN"]
[Source "Hun. Chess Fed."]
[SourceDate "2015.04.15"]

1. e4 e6 2. d4 d5 3. Nd2 Be7 4. Bd3 c5 5. dxc5 Nf6 6. Qe2 a5 7. Ngf3 Na6 8. e5
Nd7 9. c4 Ndxc5 10. Bb1 O-O 11. O-O b6 12. cxd5 Qxd5 13. Nc4 Qc6 14. Bg5 Bxg5
15. Nxg5 h6 16. Ne4 Bb7 17. Ncd6 Nd7 18. f4 Nac5 19. Nxb7 Qxb7 20. Nd6 Qc6 21.
Rf3 Qa4 22. Bc2 Qd4+ 23. Kh1 g6 24. Rb1 Rad8 25. Nb5 Qd5 26. Rd1 Qa8 27. Rg3
Kg7 28. Nd6 Rg8 29. Qh5 Nf8 30. Qh4 Ncd7 31. Qe7 1-0

[Event "Spring open (woman)"]
[Site "Budapest"]
[Date "2015.04.12"]
[Round "6"]
[White "Gara, Anita"]
[Black "Pilmayer, Katalin Viola"]
[Result "1-0"]
[WhiteElo "2331"]
[BlackElo "1513"]
[PlyCount "65"]
[EventDate "2015.04.07"]
[EventType "swiss"]
[EventRounds "9"]
[EventCountry "HUN"]
[Source "Hun. Chess Fed."]
[SourceDate "2015.04.15"]

1. e4 c6 2. d3 d5 3. Nd2 dxe4 4. dxe4 g6 5. Bc4 Bg7 6. Ngf3 Nd7 7. O-O e6 8. c3
Ngf6 9. h3 O-O 10. Qe2 Qc7 11. a4 Rd8 12. a5 a6 13. Nb3 Nh5 14. Rd1 b5 15. axb6
Nxb6 16. Rxd8+ Qxd8 17. Bg5 Bf6 18. Rd1 Qe7 19. Bxf6 Nxf6 20. Na5 Nxc4 21. Qxc4
Qc7 22. b4 Bd7 23. Qd4 Kg7 24. Ne5 Be8 25. Rd3 Rc8 26. Nb3 a5 27. Nc5 axb4 28.
cxb4 Ra8 29. Ng4 e5 30. Nxe5 Kg8 31. Nxg6 fxg6 32. Qxf6 Qb6 33. Ne6 1-0

[Event "Spring open (woman)"]
[Site "Budapest"]
[Date "2015.04.12"]
[Round "6"]
[White "Terbe, Julianna"]
[Black "Nomin-Erdene, Davaademberel"]
[Result "0-1"]
[WhiteElo "2236"]
[BlackElo "2371"]
[PlyCount "118"]
[EventDate "2015.04.07"]
[EventType "swiss"]
[EventRounds "9"]
[EventCountry "HUN"]
[Source "Hun. Chess Fed."]
[SourceDate "2015.04.15"]

1. e4 c6 2. d4 d5 3. e5 Bf5 4. h4 h5 5. c4 e6 6. Nc3 Nd7 7. cxd5 cxd5 8. Bd3
Bxd3 9. Qxd3 a6 10. Nf3 Ne7 11. O-O Nb6 12. Bg5 Qd7 13. Rfc1 Nc6 14. Ne2 Rc8
15. a3 Nc4 16. Nd2 b5 17. b4 Be7 18. Bxe7 Qxe7 19. g3 Nb8 20. Kg2 Nd7 21. Nb3
g5 22. hxg5 Qxg5 23. a4 h4 24. axb5 hxg3 25. Nxg3 axb5 26. Ra7 Qg4 27. Nc5 Qh3+
28. Kg1 Nb8 29. Rca1 Nc6 30. Ra8 O-O 31. Rxc8 Rxc8 32. Qf3 Nxd4 33. Qf4 Nf5 34.
Ra7 Qh4 35. Qxh4 Nxh4 36. f4 Ng6 37. Nh5 Ne3 38. Ra5 d4 39. Rxb5 Nd5 40. Nd7
Ngxf4 41. Nxf4 Nxf4 42. Rc5 Rd8 43. Nf6+ Kg7 44. Ne4 Nd3 45. Rb5 Rc8 46. Nc5
Nxe5 47. Nxe6+ fxe6 48. Rxe5 Kf6 49. Re1 Rb8 50. Rb1 Rb5 51. Kf2 Ke5 52. Kf3
Kd5 53. Kf4 e5+ 54. Kf3 e4+ 55. Kf4 e3 56. Kf3 Rb8 57. b5 Rf8+ 58. Ke2 Rf2+ 59.
Ke1 d3 0-1

[Event "Spring open (woman)"]
[Site "Budapest"]
[Date "2015.04.12"]
[Round "6"]
[White "Dave, Dhyani"]
[Black "Terbe, Zsuzsanna"]
[Result "1/2-1/2"]
[WhiteElo "2157"]
[BlackElo "2129"]
[PlyCount "89"]
[EventDate "2015.04.07"]
[EventType "swiss"]
[EventRounds "9"]
[EventCountry "HUN"]
[Source "Hun. Chess Fed."]
[SourceDate "2015.04.15"]

1. e4 c5 2. Nf3 Nc6 3. Bb5 Nf6 4. Nc3 g6 5. Bxc6 dxc6 6. d3 Bg7 7. h3 O-O 8.
O-O Qc7 9. Be3 b6 10. Qd2 e5 11. Bh6 Re8 12. Bxg7 Kxg7 13. a4 a5 14. b3 Ba6 15.
Qe3 Rad8 16. Nh2 Nh5 17. Ne2 Nf4 18. Rad1 Bc8 19. Nf3 Ne6 20. Qc1 f6 21. Rfe1
Ba6 22. g3 Rd7 23. Nh2 Ng5 24. h4 Nf7 25. f4 b5 26. axb5 cxb5 27. Rf1 c4 28.
fxe5 fxe5 29. Ng4 Qb6+ 30. Kh2 Re6 31. Nc3 cxb3 32. Nd5 Qd8 33. cxb3 Bb7 34.
Nge3 Nh6 35. Rf3 Bxd5 36. Nxd5 Ng4+ 37. Kg2 Nf6 38. Nxf6 Rxf6 39. Rxf6 Qxf6 40.
Rf1 Qd6 41. h5 h6 42. hxg6 Kxg6 43. Qc8 Kg7 44. Qa8 a4 45. bxa4 1/2-1/2

[Event "Spring open (woman)"]
[Site "Budapest"]
[Date "2015.04.12"]
[Round "6"]
[White "Erseki, Tamara"]
[Black "Palocz, Katalin"]
[Result "1-0"]
[WhiteElo "1861"]
[BlackElo "1366"]
[PlyCount "49"]
[EventDate "2015.04.07"]
[EventType "swiss"]
[EventRounds "9"]
[EventCountry "HUN"]
[Source "Hun. Chess Fed."]
[SourceDate "2015.04.15"]

1. e4 e5 2. Nf3 Nc6 3. d4 exd4 4. Nxd4 Bc5 5. Be3 Qf6 6. c3 Nge7 7. Bc4 O-O 8.
O-O a6 9. a4 a5 10. Na3 Bb6 11. f4 d6 12. Kh1 h6 13. Nab5 Bd7 14. Qd3 Rfe8 15.
e5 Bf5 16. exf6 Bxd3 17. Bxd3 Ng6 18. Bd2 gxf6 19. Rae1 Re7 20. Nxc6 bxc6 21.
Nd4 c5 22. Nf5 Rxe1 23. Rxe1 h5 24. Bc4 c6 25. Ne7+ 1-0

[Event "Spring open (woman)"]
[Site "Budapest"]
[Date "2015.04.12"]
[Round "6"]
[White "Majoros, Rozsa"]
[Black "Jurak, Miklosne"]
[Result "1-0"]
[WhiteElo "1699"]
[BlackElo "1666"]
[PlyCount "53"]
[EventDate "2015.04.07"]
[EventType "swiss"]
[EventRounds "9"]
[EventCountry "HUN"]
[Source "Hun. Chess Fed."]
[SourceDate "2015.04.15"]

1. d4 d5 2. Nf3 Nf6 3. c4 e6 4. Nc3 g6 5. Bg5 Bg7 6. e3 c6 7. Bd3 dxc4 8. Bxc4
b5 9. Bd3 Qb6 10. O-O O-O 11. e4 Nbd7 12. Rc1 a6 13. e5 Nd5 14. Ne4 f6 15. exf6
Bxf6 16. Bxf6 N5xf6 17. Qc2 Nb8 18. Nc5 Ra7 19. Rfe1 Re7 20. Ng5 Rfe8 21. Bxg6
Rg7 22. Bxe8 Rxg5 23. Nxe6 Bxe6 24. Rxe6 Qxd4 25. Bxc6 Qg4 26. Rxf6 Nxc6 27.
Qxc6 1-0

[Event "Spring open (woman)"]
[Site "Budapest"]
[Date "2015.04.13"]
[Round "7"]
[White "Gara, Ticia"]
[Black "Vajda, Szidonia"]
[Result "1/2-1/2"]
[WhiteElo "2282"]
[BlackElo "2323"]
[PlyCount "26"]
[EventDate "2015.04.07"]
[EventType "swiss"]
[EventRounds "9"]
[EventCountry "HUN"]
[Source "Hun. Chess Fed."]
[SourceDate "2015.04.15"]

1. e4 e5 2. Nf3 Nc6 3. Nc3 Nf6 4. d4 exd4 5. Nxd4 Bb4 6. Nxc6 bxc6 7. Bd3 d5 8.
exd5 cxd5 9. O-O O-O 10. Bg5 c6 11. Qf3 h6 12. Bxf6 Qxf6 13. Qxf6 gxf6 1/2-1/2

[Event "Spring open (woman)"]
[Site "Budapest"]
[Date "2015.04.13"]
[Round "7"]
[White "Rajlich, Iweta"]
[Black "Havanecz, Bianka"]
[Result "1-0"]
[WhiteElo "2406"]
[BlackElo "2244"]
[PlyCount "81"]
[EventDate "2015.04.07"]
[EventType "swiss"]
[EventRounds "9"]
[EventCountry "HUN"]
[Source "Hun. Chess Fed."]
[SourceDate "2015.04.15"]

1. d4 d5 2. g3 Nf6 3. Bg2 g6 4. Nf3 Bg7 5. O-O O-O 6. Nbd2 b6 7. a4 a5 8. Ne5
Bb7 9. c3 Nbd7 10. Nxd7 Nxd7 11. e4 c5 12. e5 e6 13. Re1 cxd4 14. cxd4 Qc8 15.
Nf3 Ba6 16. Bg5 Qb7 17. Qd2 Rfc8 18. h4 Rc6 19. Rec1 Rac8 20. h5 Nb8 21. Bf6
Rxc1+ 22. Rxc1 Nd7 23. Bxg7 Kxg7 24. h6+ Kg8 25. Ng5 Nb8 26. Bh3 Rxc1+ 27. Qxc1
Qd7 28. b3 Nc6 29. Qc3 Ne7 30. Qf3 Nf5 31. Bxf5 exf5 32. Qf4 Qc7 33. Kh2 Bd3
34. Qe3 Be4 35. Nxe4 fxe4 36. Qg5 Qc8 37. Kg2 Qf8 38. Qc1 f6 39. e6 g5 40. Qc7
g4 41. Qd7 1-0